| 000 | 00709nam a2200229Ia 4500 | ||
|---|---|---|---|
| 003 | OSt | ||
| 005 | 20220925230039.0 | ||
| 006 | a|||||r|||| 00| 0 | ||
| 007 | ta | ||
| 008 | 220923b |||||||| |||| 00| 0 eng d | ||
| 020 |
_a9781412818605 _c1502.01 |
||
| 037 |
_b10350, 02/11/2011, Elite Publisher Distributors _cGeneral Book |
||
| 040 |
_aRTL _cRTL _beng |
||
| 041 |
_2eng _aeng |
||
| 082 | _aR5, Q1 | ||
| 100 |
_aDel Nevo Matthew _9293197 |
||
| 245 | 0 | _aWork of enchantment | |
| 260 |
_aLondon _bTransaction Publishers _c2011 |
||
| 300 |
_aix, 169p _ccm. |
||
| 942 |
_hR5, Q1 _cGB _2CC |
||
| 999 |
_c584641 _d584641 |
||